Dry land farming / (Record no. 32908)
[ view plain ]
| 000 -LEADER | |
|---|---|
| fixed length control field | 00773nam a22002177a 4500 |
| 001 - CONTROL NUMBER | |
| control field | 6826331 |
| 003 - CONTROL NUMBER IDENTIFIER | |
| control field | OSt |
| 005 - DATE AND TIME OF LATEST TRANSACTION | |
| control field | 20240827120701.0 |
| 008 - FIXED-LENGTH DATA ELEMENTS--GENERAL INFORMATION | |
| fixed length control field | 240827b |||||||| |||| 00| 0 eng d |
| 020 ## - INTERNATIONAL STANDARD BOOK NUMBER | |
| International Standard Book Number | 9781443789677 |
| 040 ## - CATALOGING SOURCE | |
| Original cataloging agency | MMU |
| Transcribing agency | MMU |
| Modifying agency | MMU |
| Language of cataloging | eng |
| 050 00 - LIBRARY OF CONGRESS CALL NUMBER | |
| Classification number | SB108 .S53 1911 |
| 100 1# - MAIN ENTRY--PERSONAL NAME | |
| Personal name | Shaw, Thomas, |
| Dates associated with a name | 1843- [from old catalog] |
| 9 (RLIN) | 1369 |
| 245 10 - TITLE STATEMENT | |
| Title | Dry land farming / |
| Statement of responsibility, etc. | Thomas Shaw |
| 260 ## - PUBLICATION, DISTRIBUTION, ETC. (IMPRINT) | |
| Place of publication, distribution, etc. | Not identified : |
| Name of publisher, distributor, etc. | Not identified, |
| Date of publication, distribution, etc. | 1911. |
| 300 ## - PHYSICAL DESCRIPTION | |
| Extent | xxviii, 460 pages : |
| Other physical details | illustrations ; |
| Dimensions | 20 cm. |
| 504 ## - BIBLIOGRAPHY, ETC. NOTE | |
| Bibliography, etc | Includes index. |
| 530 ## - ADDITIONAL PHYSICAL FORM AVAILABLE NOTE | |
| Additional physical form available note | Also available in digital form. |
| 650 #0 - SUBJECT ADDED ENTRY--TOPICAL TERM | |
| Topical term or geographic name as entry element | Dry farming. |
| 9 (RLIN) | 1370 |
| 942 ## - ADDED ENTRY ELEMENTS (KOHA) | |
| Source of classification or shelving scheme | Library of Congress Classification |
| Koha item type | L |
| Withdrawn status | Lost status | Source of classification or shelving scheme | Damaged status | Not for loan | Home library | Current library | Date acquired | Source of acquisition | Cost, normal purchase price | Total Checkouts | Full call number | Barcode | Date last seen | Price effective from | Koha item type |
|---|---|---|---|---|---|---|---|---|---|---|---|---|---|---|---|
| Library of Congress Classification | Maasai Mara University Library -Main Campus | Maasai Mara University Library -Main Campus | 08/27/2024 | Purchased | 6995.00 | SB108 .S53 1911 | 24040104 | 08/27/2024 | 08/27/2024 | L | |||||
| Library of Congress Classification | Maasai Mara University Library -Main Campus | Maasai Mara University Library -Main Campus | 08/27/2024 | Purchased | 6995.00 | SB108 .S53 1911 | 24040055 | 08/27/2024 | 08/27/2024 | L | |||||
| Library of Congress Classification | Maasai Mara University Library -Main Campus | Maasai Mara University Library -Main Campus | 08/27/2024 | Purchased | 6995.00 | SB108 .S53 1911 | 24039877 | 08/27/2024 | 08/27/2024 | L |